Balkan countries - Statistics

Estatísticas Gerais
  • Esse quiz foi jogado 11 vezes
    1 desde o último reset
  • A pontuação média é 13 de 13
Estatísticas das Respostas
território por % País % Correto
99%> albania
100%
99%> bosnia
100%
99%> bulgaria
100%
99%> croacia
100%
99%> eslovenia
100%
98% grecia
100%
1%< Itália
100%
100% kosovo
100%
100% macedonia
100%
99%> montenegro
100%
99%> romenia
100%
100% servia
100%
4% turquia
100%
Nenhum quiz correspondente encontrado
Distribuição das Pontuações
Porcentagem de Pessoas com Cada Pontuação
Percentil de Números Respondidos
Sua Pontuação Histórica
Você não jogou esse quiz desde o último reset